| Record ID | ia:leguidedesalimen0000edit |
| Source | Internet Archive |
| Download MARC XML | https://archive.org/download/leguidedesalimen0000edit/leguidedesalimen0000edit_marc.xml |
| Download MARC binary | https://www.archive.org/download/leguidedesalimen0000edit/leguidedesalimen0000edit_meta.mrc |
LEADER: 01950cam 2200469Ia 4500
001 ocn827727287
003 OCoLC
005 20180409072232.0
008 130214s1999 quca od 001 0 fre d
006 m o d
007 cr cnu---unuuu
040 $aTEFOD$beng$epn$cTEFOD$dOCLCF$dOCLCO$dTEFOD$dOCLCQ$dE7B$dYDXCP$dEBLCP$dOCLCQ
019 $a849920182$a906329399$a923340450
020 $a9782764411377$q(electronic bk.)
020 $a2764411375$q(electronic bk.)
020 $z9782890379534
035 $a(OCoLC)827727287$z(OCoLC)849920182$z(OCoLC)906329399$z(OCoLC)923340450
037 $a4D46DED9-AA71-45C4-994F-8C13B480BB9D$bOverDrive, Inc.$nhttp://www.overdrive.com
050 4 $aTX349$b.G84 1999eb
082 04 $a613.203$223
245 03 $aLe guide des aliments.
260 $aMontre al :$bQue bec Ame rique,$c℗♭1999.
300 $a1 online resource :$bcolor illustrations
336 $atext$btxt$2rdacontent
337 $acomputer$bc$2rdamedia
338 $aonline resource$bcr$2rdacarrier
500 $aIncludes index.
588 0 $aOnline resource; title from PDF title page (OverDrive, viewed Feb. 14, 2013).
650 0 $aFood$vDictionaries.
650 7 $aFood.$2fast$0(OCoLC)fst00930458
655 4 $aElectronic books.
655 7 $aDictionaries.$2fast$0(OCoLC)fst01423826
710 2 $aEditions Que bec/Ame rique.
856 40 $3Ebook Library$uhttp://public.eblib.com/choice/publicfullrecord.aspx?p=3398671
856 40 $3ebrary$uhttp://site.ebrary.com/id/10714190
856 40 $3OverDrive$uhttps://www.overdrive.com/search?q=4D46DED9-AA71-45C4-994F-8C13B480BB9D
856 4 $3Image$uhttp://images.contentreserve.com/ImageType-100/3964-1/{4D46DED9-AA71-45C4-994F-8C13B480BB9D}Img100.jpg
938 $aEBL - Ebook Library$bEBLB$nEBL3398671
938 $aebrary$bEBRY$nebr10714190
938 $aYBP Library Services$bYANK$n10747542
994 $aZ0$bPMR
948 $hNO HOLDINGS IN PMR - 27 OTHER HOLDINGS